000 00243nam a2200109Ia 4500
008 240625s9999 xx 000 0 und d
041 _aeng
082 _a658.15 SHA
100 _aSHAH PARESH P
245 _aFINANCIAL MANAGEMENT
260 _c2008
999 _c34267
_d34267